[Event "Elit(Eksjo-Kungstornet)"]
[Site "?"]
[Date "2022.05.15"]
[Round "9"]
[White "Andersson, Fredrik"]
[Black "Malesevic, Nedeljko"]
[Result "1/2-1/2"]
[WhiteElo "2267"]
[BlackElo "2234"]
[PlyCount "43"]

1. e4 c6 2. d4 d5 3. Nd2 dxe4 4. Nxe4 Nd7 5. Ng5 Ngf6 6. Bd3 e6 7. N1f3 Bd6 8.
Qe2 h6 9. Ne4 Nxe4 10. Qxe4 Nf6 11. Qe2 c5 12. dxc5 Bxc5 13. Bd2 Qc7 14. O-O-O
a6 15. Bc3 Bd7 16. Kb1 Bc6 17. Bc4 Qe7 18. Ne5 Bd5 19. Ng4 Nxg4 20. Qxg4 Bxc4
21. Qxc4 O-O 22. Qg4 1/2-1/2

[Event "Elit(LASK-Stockholms SS)"]
[Site "?"]
[Date "2022.05.15"]
[Round "9"]
[White "Ertan, Can"]
[Black "Ahlander, Bjorn"]
[Result "0-1"]
[WhiteElo "2382"]
[BlackElo "2354"]
[PlyCount "50"]

1. e4 c5 2. Nf3 d6 3. d4 cxd4 4. Nxd4 Nf6 5. Nc3 a6 6. h3 e5 7. Nde2 h5 8. g3
Be6 9. Bg2 Be7 10. a4 Nbd7 11. O-O Rc8 12. a5 b5 13. axb6 Qxb6 14. b3 O-O 15.
Be3 Qb7 16. f4 Nc5 17. Kh1 Ncxe4 18. fxe5 Bxh3 19. Bf3 Bxf1 20. exf6 Nf2+ 21.
Kg1 Qxf3 22. Qxf1 Bxf6 23. Bd2 Bxc3 24. Bxc3 Rxc3 25. Nxc3 Qxg3+ 0-1

[Event "Elit(Eksjo-Kungstornet)"]
[Site "?"]
[Date "2022.05.15"]
[Round "9"]
[White "Krantz, Christopher"]
[Black "Henriksson, Johan"]
[Result "1/2-1/2"]
[WhiteElo "2245"]
[BlackElo "2220"]
[PlyCount "97"]

1. d4 d5 2. Bf4 e6 3. e3 Bd6 4. Bg3 Nf6 5. Nd2 c5 6. c3 Nc6 7. Ngf3 a6 8. Bd3
b6 9. Qe2 Bb7 10. Rd1 Qc7 11. dxc5 bxc5 12. e4 dxe4 13. Nxe4 Nxe4 14. Bxe4 Rd8
15. Bxd6 Rxd6 16. Rxd6 Qxd6 17. O-O O-O 18. Rd1 Qc7 19. h3 Rd8 20. Rxd8+ Nxd8
21. Ne5 Bxe4 22. Qxe4 f6 23. Nc4 Qc6 24. Qxc6 Nxc6 25. f4 Kf7 26. Kf2 Ke7 27.
Ke3 Kd7 28. g4 Ne7 29. Ke4 Kc6 30. Ne3 Nd5 31. Nf1 Nb6 32. Ne3 h6 33. h4 Nd5
34. Nc4 Ne7 35. Ne3 Nc8 36. Nc4 Nd6+ 37. Nxd6 Kxd6 38. b4 g6 39. a4 h5 40. gxh5
gxh5 41. b5 a5 42. Ke3 f5 43. Kd2 Kc7 44. Kd3 Kb7 45. Kc4 Kb6 46. Kd3 Kb7 47.
Kc4 Kb6 48. Kd3 Kb7 49. Kc4 1/2-1/2

[Event "Elit(LASK-Stockholms SS)"]
[Site "?"]
[Date "2022.05.15"]
[Round "9"]
[White "Mauritsson, Sebastian"]
[Black "Thorn, Eric"]
[Result "1/2-1/2"]
[WhiteElo "2390"]
[BlackElo "2341"]
[PlyCount "124"]

1. e4 e5 2. Nf3 Nc6 3. d4 exd4 4. Nxd4 Nf6 5. Nxc6 bxc6 6. e5 Qe7 7. Qe2 Nd5 8.
h4 f6 9. c4 Nb6 10. exf6 Qxe2+ 11. Bxe2 gxf6 12. Bf4 Ba6 13. Bh5+ Kd8 14. b3
Bc5 15. Nd2 d5 16. O-O Bc8 17. Rac1 Ba3 18. Rc3 Bb4 19. Rf3 Be6 20. Bh6 f5 21.
Rd1 Kc8 22. Re3 Bd7 23. Bg7 Rg8 24. Bf6 f4 25. Rf3 Bf5 26. Bc3 Bd6 27. c5 Bxc5
28. Rxf4 Bh3 29. Bf3 Kb7 30. Kf1 Bd7 31. Rf7 Raf8 32. Rxh7 Bf5 33. Rg7 Rh8 34.
g3 Be4 35. Ke2 Rh6 36. b4 Bxf3+ 37. Nxf3 Re6+ 38. Kf1 Na4 39. bxc5 Nxc3 40. Rd3
Ne4 41. Rb3+ Kc8 42. Ra3 a6 43. Rxa6 Ref6 44. Ra8+ Kb7 45. Rxf8 Rxf8 46. Kg2
Nxc5 47. h5 Ne4 48. g4 c5 49. g5 c4 50. h6 Rxf3 51. Kxf3 c3 52. h7 c2 53. h8=Q
c1=Q 54. Rg8 Nxg5+ 55. Kg4 Ne6 56. Rb8+ Kc6 57. Qe8+ Kd6 58. Rd8+ Nxd8 59.
Qxd8+ Ke6 60. Qe8+ Kd6 61. Qd8+ Ke6 62. Qe8+ Kd6 1/2-1/2

[Event "Elit(Eksjo-Kungstornet)"]
[Site "?"]
[Date "2022.05.15"]
[Round "9"]
[White "Larsson, Anders"]
[Black "Thornert, Hakan"]
[Result "1/2-1/2"]
[WhiteElo "2203"]
[BlackElo "2174"]
[PlyCount "112"]
[EventDate "2022.??.??"]

1. e4 c5 2. Nf3 d6 3. Bb5+ Bd7 4. a4 Nf6 5. Nc3 Nc6 6. O-O g6 7. Re1 Bg7 8. d3
O-O 9. h3 Ne8 10. Bc4 Nc7 11. Ne2 Be6 12. Nf4 Bxc4 13. dxc4 e6 14. Rb1 Qe7 15.
Nd3 Rad8 16. Bg5 Bf6 17. Bxf6 Qxf6 18. Qe2 Nd4 19. Nxd4 Qxd4 20. Nf4 Na6 21. c3
Qf6 22. Qg4 Nb8 23. Rbd1 Nc6 24. Nd3 b6 25. Re3 Rd7 26. e5 dxe5 27. Rde1 Rfd8
28. Nxe5 Nxe5 29. Rxe5 Rd2 30. R5e2 Rxe2 31. Qxe2 Qf4 32. g3 Qd2 33. Kg2 Qd7
34. Qc2 Qc6+ 35. Kg1 Qf3 36. Kh2 h5 37. h4 Kg7 38. Qe2 Qxe2 39. Rxe2 Kf6 40.
Kg2 Rd1 41. b4 Rb1 42. a5 cxb4 43. axb6 axb6 44. cxb4 Rxb4 45. Rc2 Kf5 46. c5
bxc5 47. Rxc5+ e5 48. Rc7 f6 49. Rc6 Rb2 50. Ra6 Rb5 51. Rc6 e4 52. Ra6 Re5 53.
Rb6 g5 54. hxg5 fxg5 55. Ra6 Rd5 56. Ra8 Re5 1/2-1/2

[Event "Elit(LASK-Stockholms SS)"]
[Site "?"]
[Date "2022.05.15"]
[Round "9"]
[White "Cederstam, Carl"]
[Black "Storme, Isak"]
[Result "0-1"]
[WhiteElo "368"]
[BlackElo "2350"]
[PlyCount "66"]

1. Nf3 d5 2. g3 Nd7 3. d4 b5 4. a4 b4 5. a5 Ngf6 6. Bg2 e6 7. O-O Bd6 8. Nbd2
O-O 9. e4 Nxe4 10. Nxe4 dxe4 11. Ng5 Nf6 12. a6 Rb8 13. c4 Rb6 14. Be3 Rxa6 15.
Nxe4 Nxe4 16. Bxe4 f5 17. Rxa6 Bxa6 18. Bd3 Bb7 19. f4 Qd7 20. Be2 Be7 21. Bf3
Bxf3 22. Qxf3 Bf6 23. Rd1 Rd8 24. b3 a5 25. Rd2 a4 26. Qb7 c5 27. Qa6 cxd4 28.
c5 axb3 29. c6 Qc8 30. Qxc8 Rxc8 31. Bxd4 Rxc6 32. Rb2 Bxd4+ 33. Kh1 Bxb2 0-1

[Event "Elit(Eksjo-Kungstornet)"]
[Site "?"]
[Date "2022.05.15"]
[Round "9"]
[White "Johnson, Bjorn"]
[Black "Aronsson, Marten"]
[Result "1/2-1/2"]
[WhiteElo "2187"]
[BlackElo "2203"]
[PlyCount "47"]

1. f4 d5 2. Nf3 g6 3. e3 Bg7 4. d4 Nf6 5. Bd3 O-O 6. O-O c5 7. c3 b6 8. Qe2 a5
9. a4 Ba6 10. Bxa6 Nxa6 11. b3 Qc7 12. Bb2 Rfc8 13. Na3 cxd4 14. cxd4 Ne4 15.
Rac1 Qb7 16. Nd2 Nxd2 17. Qxd2 Rxc1 18. Rxc1 Rc8 19. Nb5 Bf8 20. Ba3 Qd7 21. h3
e6 22. Bxf8 Kxf8 23. Rc3 Nb4 24. Kf2 1/2-1/2

[Event "Elit(LASK-Stockholms SS)"]
[Site "?"]
[Date "2022.05.15"]
[Round "9"]
[White "Dragicevic, Drazen"]
[Black "Renman, Nils-Gustaf"]
[Result "1/2-1/2"]
[WhiteElo "2365"]
[BlackElo "2301"]
[PlyCount "85"]

1. c4 e6 2. g3 d5 3. Bg2 Nf6 4. Nf3 Be7 5. O-O O-O 6. Qc2 c5 7. d4 cxd4 8. Nxd4
Nc6 9. Nxc6 bxc6 10. Rd1 Qb6 11. Nc3 Ng4 12. e3 Ba6 13. b3 dxc4 14. Na4 Qc7 15.
bxc4 Ne5 16. c5 Rfd8 17. Bb2 Nd3 18. Bc3 Bb5 19. Be4 Bxa4 20. Qxa4 Nxc5 21.
Qxc6 Qxc6 22. Bxc6 Rac8 23. Bf3 f6 24. Ba5 Rxd1+ 25. Rxd1 Kf7 26. h4 Rb8 27.
Kf1 f5 28. Rd2 Rb5 29. Bc7 Na6 30. Bd8 Nc5 31. Bxe7 Kxe7 32. Be2 Rb1+ 33. Kg2
g6 34. Rc2 Kd6 35. g4 Rb4 36. Rd2+ Ke7 37. Rc2 Kd6 38. gxf5 gxf5 39. Rd2+ Ke7
40. Rc2 Kd6 41. h5 h6 42. Rd2+ Ke7 43. Rc2 1/2-1/2

[Event "Elit(Wasa-Limhamn)"]
[Site "?"]
[Date "2022.05.15"]
[Round "9"]
[White "Johansson, Linus"]
[Black "Meshkovs, Nikita"]
[Result "1-0"]
[WhiteElo "2473"]
[BlackElo "2561"]
[PlyCount "171"]

1. d4 Nf6 2. c4 e6 3. Nc3 Bb4 4. e3 c5 5. Bd3 Nc6 6. Nge2 cxd4 7. exd4 d5 8.
cxd5 Qxd5 9. O-O Qh5 10. Qa4 O-O 11. a3 Bxc3 12. bxc3 Bd7 13. Qb3 Qd5 14. Qd1
Na5 15. Nf4 Qb3 16. Qf3 Bc6 17. Qh3 Be4 18. Nh5 Bxd3 19. Nxf6+ gxf6 20. Qxd3
Kh8 21. Rb1 Qc4 22. Qf3 f5 23. Rb4 Qc6 24. Qxc6 Nxc6 25. Rxb7 Rab8 26. Rc7 Rbc8
27. Rd7 Rcd8 28. Rb7 Rb8 29. Rc7 Rbc8 30. Rd7 Rcd8 31. Rxd8 Rxd8 32. Bg5 Rd7
33. Bf6+ Kg8 34. Rd1 h6 35. h4 f4 36. Rb1 Kh7 37. h5 Rd5 38. Rb7 Rxh5 39. Rc7
Kg6 40. Bh8 Na5 41. Rxa7 Rb5 42. Kf1 Nc4 43. a4 Rb8 44. Rc7 Nb6 45. Be5 Nxa4
46. Bxf4 Rb2 47. Ke1 h5 48. Bd2 Rc2 49. Kd1 Ra2 50. Ke2 h4 51. c4 Nc3+ 52. Kd3
Nd1 53. f3 Nb2+ 54. Kc3 Nd1+ 55. Kd3 Nb2+ 56. Ke2 Ra4 57. c5 Nc4 58. Be1 Ra2+
59. Kd3 Nb2+ 60. Kc2 Nc4+ 61. Kb3 Rxg2 62. Bxh4 Nd2+ 63. Kc3 Nxf3 64. Bd8 Rg4
65. Rd7 Rg1 66. Kb2 Rg2+ 67. Kc3 Rg1 68. Kc2 Rg4 69. Kd3 Rg3 70. Ke2 Ng5 71.
Bxg5 Kxg5 72. Rxf7 Rc3 73. Kd2 Rc4 74. Kd3 Rc1 75. Rf2 Kg6 76. Rc2 Ra1 77. c6
Ra8 78. Kc4 Kf6 79. Kb5 Ke7 80. c7 Kd7 81. c8=Q+ Rxc8 82. Rxc8 Kxc8 83. Kc6 Kd8
84. Kd6 e5 85. dxe5 Ke8 86. Ke6 1-0

[Event "Elit(Vaxjo-SK Rockaden, Stockholm)"]
[Site "?"]
[Date "2022.05.15"]
[Round "9"]
[White "Hammer, Jon Ludvig"]
[Black "Solodovnichenko, Yuri"]
[Result "1-0"]
[WhiteElo "2613"]
[BlackElo "2561"]
[PlyCount "89"]

1. d4 d5 2. c4 e6 3. Nf3 dxc4 4. e3 Nf6 5. Bxc4 c5 6. O-O a6 7. dxc5 Qxd1 8.
Rxd1 Bxc5 9. Be2 b6 10. Nfd2 O-O 11. Nc3 Bd7 12. a3 Rc8 13. b4 Be7 14. Bb2 Bc6
15. e4 Nfd7 16. f4 b5 17. Rac1 Nb6 18. e5 N8d7 19. Nde4 Nc4 20. Bxc4 bxc4 21.
Nd6 Bxd6 22. Rxd6 Nb6 23. Kf2 Nd5 24. Nxd5 Bxd5 25. Bd4 Kf8 26. Bb6 Ke8 27. Rc3
Rab8 28. Ba5 Rc6 29. Rxc6 Bxc6 30. Rxc4 Rc8 31. Bb6 Bb7 32. Bc5 Rd8 33. g3 Rd2+
34. Ke1 Bd5 35. Rc3 Rxh2 36. Bd6 f6 37. Rc8+ Kf7 38. g4 Rg2 39. f5 g6 40. Rf8+
Kg7 41. exf6+ Kh6 42. Bf4+ g5 43. Rg8 Rg1+ 44. Kd2 Rg2+ 45. Kc3 1-0

[Event "Elit(Vasteras-Team Pelaro Alingsas)"]
[Site "?"]
[Date "2022.05.15"]
[Round "9"]
[White "Berg, Emanuel"]
[Black "Pantzar, Milton"]
[Result "1/2-1/2"]
[WhiteElo "2532"]
[BlackElo "2434"]
[PlyCount "92"]

1. e4 c6 2. d4 d5 3. Nc3 dxe4 4. Nxe4 Nf6 5. Nxf6+ exf6 6. Be2 Bd6 7. Bf3 O-O
8. Ne2 Re8 9. O-O Nd7 10. Bf4 Nf8 11. Qd2 Ng6 12. Bg3 Be6 13. b3 a5 14. c4 Bf5
15. Rfd1 Qe7 16. Bxd6 Qxd6 17. Ng3 Nh4 18. Nxf5 Nxf5 19. c5 Qc7 20. d5 cxd5 21.
Qxd5 Nh4 22. Be4 Rad8 23. Qc4 Ng6 24. g3 Ne5 25. Qb5 Nc6 26. Bd5 g6 27. Qb6 Rc8
28. Rac1 Kg7 29. a3 Re2 30. b4 axb4 31. axb4 Rb2 32. Rb1 Rxb1 33. Rxb1 Qe5 34.
Bg2 Rc7 35. h4 f5 36. Kf1 Rd7 37. Re1 Qb2 38. Bxc6 bxc6 39. Qxc6 Rd2 40. Qf3
Qxb4 41. Rc1 Qb2 42. Rc4 Qa2 43. Rc1 Qb2 44. Rc4 Qa2 45. Rc3 Qb2 46. Rc4 Qa2
1/2-1/2

[Event "Elit(Wasa-Limhamn)"]
[Site "?"]
[Date "2022.05.15"]
[Round "9"]
[White "Amin, Bassem"]
[Black "Jepson, Christian"]
[Result "1-0"]
[WhiteElo "2681"]
[BlackElo "2402"]
[PlyCount "65"]
[EventDate "2022.??.??"]

1. e4 d6 2. d4 Nf6 3. Nc3 e5 4. Nf3 Nbd7 5. Be2 Be7 6. g4 h6 7. Rg1 c6 8. h4 g6
9. g5 hxg5 10. hxg5 Nh5 11. Be3 Qc7 12. Rh1 b5 13. a3 a6 14. Nd2 Qd8 15. Bxh5
gxh5 16. Rxh5 Rg8 17. Nf3 Qc7 18. d5 c5 19. Nh4 Nf6 20. gxf6 Rg1+ 21. Ke2 Bg4+
22. f3 Rxd1 23. Rh8+ Kd7 24. Rxa8 Rxa1 25. fxe7 Kxe7 26. fxg4 b4 27. Nf5+ Kd7
28. Rf8 Qb6 29. axb4 Rh1 30. Rxf7+ Ke8 31. Rb7 Rh2+ 32. Bf2 Qd8 33. Ng7+ 1-0

[Event "Elit(Vaxjo-SK Rockaden, Stockholm)"]
[Site "?"]
[Date "2022.05.15"]
[Round "9"]
[White "Golubka, Petro"]
[Black "Neiksans, Arturs"]
[Result "0-1"]
[WhiteElo "2406"]
[BlackElo "2574"]
[PlyCount "120"]

1. d4 Nf6 2. c4 e6 3. Nc3 Bb4 4. e3 O-O 5. Nge2 Re8 6. a3 Bf8 7. e4 d5 8. e5
Nfd7 9. h4 c5 10. Bg5 f6 11. exf6 gxf6 12. Bd2 dxc4 13. Be3 Nc6 14. d5 Nde5 15.
Nf4 Nd4 16. dxe6 Bxe6 17. Nxe6 Rxe6 18. Be2 Rd6 19. O-O Ndf3+ 20. Bxf3 Rxd1 21.
Bxd1 Qe8 22. Nd5 Qc6 23. Nf4 Rd8 24. a4 Bh6 25. Be2 Bxf4 26. Bxf4 Rd4 27. Bxe5
fxe5 28. Rfc1 Rxh4 29. Rxc4 Rxc4 30. Bxc4+ Kg7 31. b3 Qd6 32. Re1 Qd4 33. Re3
h5 34. Rg3+ Kh6 35. Rd3 Qa1+ 36. Kh2 Qe1 37. Rf3 e4 38. Rf7 Kg6 39. g3 Qd2 40.
Kh3 Qc1 41. Kg2 e3 42. fxe3 Qxe3 43. Rf3 Qe5 44. Rf4 a6 45. Kf2 Qb2+ 46. Ke3
Kg5 47. Kf3 b5 48. axb5 axb5 49. Bf7 Qc3+ 50. Kg2 Kh6 51. Kh3 Qa1 52. Kg2 Kg7
53. Rf3 Qb2+ 54. Kh3 Qe5 55. Rf1 Qe7 56. Bxh5 Qe6+ 57. Kh4 Qxb3 58. g4 b4 59.
Rf5 Qc4 60. Kg5 b3 0-1

[Event "Elit(Vasteras-Team Pelaro Alingsas)"]
[Site "?"]
[Date "2022.05.15"]
[Round "9"]
[White "Sjodahl, Pontus"]
[Black "Sorensen, Hampus"]
[Result "1/2-1/2"]
[WhiteElo "2410"]
[BlackElo "2379"]
[PlyCount "44"]

1. d4 Nf6 2. c4 e6 3. Nf3 d5 4. g3 Bb4+ 5. Bd2 a5 6. Qc2 O-O 7. Bg2 c5 8. cxd5
cxd4 9. Nxd4 Qb6 10. Bxb4 axb4 11. Nb3 exd5 12. O-O Bg4 13. e3 Nbd7 14. N1d2
Ne5 15. Nd4 Rfc8 16. Qb3 Nc4 17. N2f3 Ne4 18. Rfc1 Nc5 19. Qc2 Ne4 20. Qb3 Nc5
21. Qc2 Ne4 22. Qb3 Nc5 1/2-1/2

[Event "Elit(Kungstornet-Limhamn)"]
[Site "?"]
[Date "2022.05.14"]
[Round "8"]
[White "Lindgren, Philip"]
[Black "Andersson, Fredrik"]
[Result "1-0"]
[WhiteElo "2356"]
[BlackElo "2267"]
[PlyCount "57"]

1. d4 Nf6 2. c4 g6 3. Nf3 Bg7 4. Nc3 O-O 5. e4 d6 6. Be2 e5 7. Be3 Ng4 8. Bg5
f6 9. Bc1 f5 10. exf5 gxf5 11. h3 e4 12. hxg4 exf3 13. Bxf3 Nc6 14. Bd5+ Kh8
15. Qd3 Qe8+ 16. Ne2 Qg6 17. Nf4 Qxg4 18. Qh3 Re8+ 19. Be3 Qxh3 20. Ng6+ hxg6
21. Rxh3+ Bh6 22. O-O-O f4 23. Rxh6+ Kg7 24. Bxf4 Nb4 25. Bg5 c6 26. Rdh1 Bh3
27. R6xh3 cxd5 28. Rh7+ Kg8 29. Rxb7 1-0

[Event "Elit(Team Pelaro Alingsas-LASK)"]
[Site "?"]
[Date "2022.05.14"]
[Round "8"]
[White "Tikkanen, Hans"]
[Black "Wengholm, Anders"]
[Result "1-0"]
[WhiteElo "2499"]
[BlackElo "2216"]
[PlyCount "55"]

1. d4 d6 2. Nf3 g6 3. c4 Bg7 4. Nc3 Nf6 5. e4 O-O 6. h3 c5 7. d5 e6 8. Bd3 exd5
9. exd5 Re8+ 10. Be3 Rxe3+ 11. fxe3 Qe7 12. O-O Nbd7 13. Qe2 a6 14. a4 Ne5 15.
Nxe5 Qxe5 16. Rf3 Bd7 17. Qf2 Be8 18. Rf1 Nd7 19. Rxf7 Bxf7 20. Qxf7+ Kh8 21.
Ne4 Rd8 22. Qe6 Nf8 23. Qxe5 Bxe5 24. Rf7 Nd7 25. b3 Kg8 26. Re7 b6 27. Be2 Nf6
28. Rxe5 1-0

[Event "Elit(Kungstornet-Limhamn)"]
[Site "?"]
[Date "2022.05.14"]
[Round "8"]
[White "Glimbrant, Torbjorn"]
[Black "Schneider, Stefan"]
[Result "0-1"]
[WhiteElo "2239"]
[BlackElo "2375"]
[PlyCount "88"]

1. d4 Nf6 2. Nf3 d5 3. c4 dxc4 4. e3 a6 5. Bxc4 e6 6. a4 c5 7. O-O b6 8. Qe2
Bb7 9. Rd1 Qc7 10. Nc3 Nc6 11. d5 exd5 12. Nxd5 Nxd5 13. Bxd5 Be7 14. b3 O-O
15. Bb2 Nb4 16. Bxb7 Qxb7 17. Qc4 Rfd8 18. Qg4 Bf8 19. Ng5 Qe7 20. Qf5 g6 21.
Qf6 Qxf6 22. Bxf6 Rd5 23. e4 Rd3 24. Rxd3 Nxd3 25. Rd1 c4 26. bxc4 Nc5 27. h4
h6 28. Nf3 Nxe4 29. Bd4 Rd8 30. Re1 Nc5 31. Bxc5 Bxc5 32. g4 Rd3 33. Re8+ Kg7
34. Kg2 Rc3 35. Ne5 Rc2 36. Nd3 Bd4 37. Kf3 Rxc4 38. Re4 Rxa4 39. Kg2 b5 40. f4
Bf6 41. Rxa4 bxa4 42. h5 gxh5 43. gxh5 Bc3 44. Kf3 Bd2 0-1

[Event "Elit(Team Pelaro Alingsas-LASK)"]
[Site "?"]
[Date "2022.05.14"]
[Round "8"]
[White "Agrest, Inna"]
[Black "Thybo, Jesper Sondergaard"]
[Result "0-1"]
[WhiteElo "2238"]
[BlackElo "2592"]
[PlyCount "110"]

1. e4 e5 2. Nf3 Nc6 3. Bb5 g6 4. c3 a6 5. Ba4 d6 6. O-O Bg7 7. Re1 g5 8. d3 g4
9. Nfd2 h5 10. Nf1 Bh6 11. Nbd2 Nge7 12. b4 Ng6 13. b5 axb5 14. Bxb5 Kf8 15.
Ne3 Nf4 16. Ndf1 Ne7 17. d4 Be6 18. a4 Neg6 19. Ng3 Nh4 20. dxe5 dxe5 21. Qxd8+
Rxd8 22. Ba3+ Kg7 23. Be7 Nfxg2 24. Nxg2 Nf3+ 25. Kh1 Nxe1 26. Rxe1 Rd2 27. Kg1
c6 28. Bf1 Ra8 29. Nh4 Rxa4 30. Nxh5+ Kh7 31. Nf5 Kg6 32. Nhg3 Bf4 33. Nh4+ Kh7
34. Nh5 Rda2 35. Nf5 Kg6 36. Nxf4+ exf4 37. Bd6 f3 38. h3 Ra1 39. Rxa1 Rxa1 40.
hxg4 Bc4 41. Ne3 Bxf1 42. Nxf1 Kg5 43. Kh2 Rxf1 44. Kg3 Rg1+ 45. Kxf3 Rxg4 46.
Be7+ Kh5 47. Ke3 Rg1 48. f4 Kg4 49. f5 Re1+ 50. Kd4 Kf3 51. f6 Rxe4+ 52. Kc5
Kg4 53. Kb6 Rc4 54. Kxb7 Kf5 55. Kc7 Ke6 0-1

[Event "Elit(Kungstornet-Limhamn)"]
[Site "?"]
[Date "2022.05.14"]
[Round "8"]
[White "Jepson, Christian"]
[Black "Eriksson, Johan"]
[Result "0-1"]
[WhiteElo "2402"]
[BlackElo "2382"]
[PlyCount "62"]

1. Nf3 Nf6 2. c4 g6 3. Nc3 Bg7 4. e4 d6 5. d4 O-O 6. Be2 e5 7. d5 a5 8. Bg5 h6
9. Be3 Ng4 10. Bd2 f5 11. h3 Nf6 12. exf5 gxf5 13. Qc1 f4 14. g3 e4 15. Nd4 e3
16. fxe3 fxg3 17. Qc2 Na6 18. O-O-O Qe8 19. Rdg1 Nb4 20. Qb1 Nh5 21. Ncb5 Na6
22. Bxh5 Qxh5 23. Rxg3 Qe5 24. Qg6 Rf7 25. Bc3 Nb4 26. Kb1 Bf5+ 27. Nxf5 Qe4+
28. Ka1 Nc2+ 29. Kb1 Na3+ 30. Ka1 Qb1+ 31. Rxb1 Nc2# 0-1

[Event "Elit(Team Pelaro Alingsas-LASK)"]
[Site "?"]
[Date "2022.05.14"]
[Round "8"]
[White "Ahlander, Bjorn"]
[Black "Rasti, Arvin"]
[Result "1-0"]
[WhiteElo "2354"]
[BlackElo "2157"]
[PlyCount "67"]

1. d4 Nf6 2. c4 e6 3. Nc3 Bb4 4. e3 d5 5. Nf3 O-O 6. Bd3 b6 7. O-O Ba6 8. cxd5
exd5 9. Bxa6 Nxa6 10. Qa4 Qc8 11. Bd2 Re8 12. Rfd1 Bf8 13. Rac1 Qb7 14. Be1 c6
15. Ne2 Rac8 16. Nf4 Nb8 17. Bb4 Bxb4 18. Qxb4 Ne4 19. Rc2 Rcd8 20. Rdc1 Qa6
21. Qb3 c5 22. dxc5 Nxc5 23. Qc3 Ne4 24. Qd4 Nf6 25. a3 Re7 26. h3 h6 27. Qb4
Qb7 28. Nd4 Red7 29. Nf5 Ne8 30. Qd4 Kh7 31. Nd3 f6 32. Nf4 Nc7 33. Qd3 Kg8 34.
Nd6 1-0

[Event "Elit(Kungstornet-Limhamn)"]
[Site "?"]
[Date "2022.05.14"]
[Round "8"]
[White "Henriksson, Johan"]
[Black "Ziegler, Ari"]
[Result "1-0"]
[WhiteElo "2220"]
[BlackElo "2323"]
[PlyCount "79"]

1. d4 e6 2. g3 f5 3. Bg2 Nf6 4. Nf3 d5 5. O-O c6 6. c4 Bd6 7. Bf4 Bxf4 8. gxf4
O-O 9. e3 Qe7 10. Ne5 Nbd7 11. Nc3 Kh8 12. Kh1 Rg8 13. Qe2 g5 14. fxg5 Rxg5 15.
f4 Rg7 16. Bf3 Nxe5 17. fxe5 Ne4 18. Bxe4 dxe4 19. Rg1 Bd7 20. Rxg7 Qxg7 21.
Rg1 Qe7 22. Qg2 Rf8 23. Ne2 b6 24. Nf4 c5 25. dxc5 bxc5 26. Qh3 Be8 27. Qh6 Rg8
28. Rxg8+ Kxg8 29. Qxe6+ Qxe6 30. Nxe6 Bf7 31. Nxc5 Bxc4 32. b3 Bd5 33. Kg2 Kg7
34. Kg3 Kg6 35. Kf4 h6 36. a3 Bg8 37. b4 Bd5 38. a4 Ba2 39. b5 Bc4 40. Nb7 1-0

[Event "Elit(Team Pelaro Alingsas-LASK)"]
[Site "?"]
[Date "2022.05.14"]
[Round "8"]
[White "Bjorklund, Thomas"]
[Black "Jogstad, Martin"]
[Result "0-1"]
[WhiteElo "2168"]
[BlackElo "2349"]
[PlyCount "79"]

1. e4 e6 2. d4 d5 3. exd5 exd5 4. Bd3 c5 5. dxc5 Bxc5 6. Nf3 Nf6 7. Bg5 h6 8.
Bh4 Qe7+ 9. Qe2 Qxe2+ 10. Kxe2 g5 11. Bg3 Ne4 12. Nfd2 O-O 13. f3 Nxg3+ 14.
hxg3 Re8+ 15. Kd1 Kg7 16. g4 Nc6 17. Nc3 Be6 18. Ne2 Ne5 19. Bb5 Rec8 20. Ng3
a6 21. Ba4 Bd4 22. Rb1 b5 23. Bb3 Nc4 24. c3 Be5 25. Bxc4 Bxg3 26. Bd3 d4 27.
cxd4 Rd8 28. Be4 Ra7 29. d5 Bxd5 30. Bxd5 Rxd5 31. Ke2 Bf4 32. Ne4 Rc7 33. Rhd1
Rc2+ 34. Kf1 Rxd1+ 35. Rxd1 Rxb2 36. a3 Ra2 37. Rd3 Bc1 38. Nc5 Rxa3 39. Rxa3
Bxa3 40. Nxa6 0-1

[Event "Elit(Kungstornet-Limhamn)"]
[Site "?"]
[Date "2022.05.14"]
[Round "8"]
[White "Eklund, Joel"]
[Black "Kassani, Sam Shamssaei"]
[Result "0-1"]
[WhiteElo "2279"]
[BlackElo "2185"]
[PlyCount "98"]
[EventDate "2022.??.??"]

1. d4 d5 2. Bg5 c6 3. e3 Qb6 4. Qc1 Bf5 5. c4 h6 6. Bh4 e6 7. Nc3 Nd7 8. Nf3
Ngf6 9. c5 Qd8 10. b4 a6 11. h3 Be7 12. Bg3 O-O 13. Be2 Ne4 14. Bh2 Bf6 15. O-O
a5 16. a3 axb4 17. axb4 Rxa1 18. Qxa1 Qa8 19. Qb2 Nxc3 20. Qxc3 Qa2 21. Re1 Ra8
22. b5 Ra3 23. Qc1 Rb3 24. Qa1 Qxa1 25. Rxa1 Rb2 26. Bf1 cxb5 27. Bd6 b4 28.
Ra7 Rb1 29. Rxb7 Rc1 30. Rxb4 Bd3 31. Nd2 e5 32. g3 exd4 33. exd4 Bg5 34. f4
Bf6 35. Kf2 Bf5 36. g4 Bh4+ 37. Kg1 Be1 38. Rb2 Bc2 39. Nb3 Bxb3 40. Rxb3 Bc3
41. Rxc3 Rxc3 42. Bb5 Nf6 43. g5 Ne4 44. Be7 Nd2 45. gxh6 Nf3+ 46. Kg2 Nxd4 47.
Bd7 Nb3 48. Be8 gxh6 49. c6 Na5 0-1

[Event "Elit(Team Pelaro Alingsas-LASK)"]
[Site "?"]
[Date "2022.05.14"]
[Round "8"]
[White "Mauritsson, Sebastian"]
[Black "Nowen, Linus"]
[Result "1-0"]
[WhiteElo "2390"]
[BlackElo "1599"]
[PlyCount "79"]

1. e4 d6 2. d4 Nf6 3. Nc3 e5 4. Nf3 Nbd7 5. Bc4 Be7 6. O-O O-O 7. a4 c6 8. h3
Qc7 9. Ba2 b6 10. Qe2 Bb7 11. Rd1 a6 12. Nh4 exd4 13. Rxd4 Rfe8 14. Bf4 c5 15.
Qc4 Rf8 16. Nf5 Ne5 17. Bxe5 dxe5 18. Rd2 Rad8 19. Rxd8 Bxd8 20. Rd1 Be7 21.
Qd3 Re8 22. Bc4 Qc6 23. Bxa6 Bxa6 24. Qxa6 Bf8 25. Qc4 g6 26. Ne3 Nh5 27. g3
Nf6 28. Ned5 Nd7 29. Qb5 Re6 30. Qxc6 Rxc6 31. Ne7+ Bxe7 32. Rxd7 Bf8 33. Nd5
c4 34. Rc7 Rxc7 35. Nxc7 Bc5 36. Kf1 Kf8 37. Nd5 h6 38. Ke2 Ke8 39. Ne3 c3 40.
b3 1-0

[Event "Elit(Kungstornet-Limhamn)"]
[Site "?"]
[Date "2022.05.14"]
[Round "8"]
[White "Larsson, Anders"]
[Black "Helgason, Reynir"]
[Result "1/2-1/2"]
[WhiteElo "2203"]
[BlackElo "2272"]
[PlyCount "50"]

1. d4 d5 2. Nf3 e6 3. c4 a6 4. cxd5 exd5 5. Nc3 Nf6 6. Bg5 Be6 7. e3 Nbd7 8.
Be2 h6 9. Bh4 Be7 10. Rc1 O-O 11. O-O c6 12. Nd2 a5 13. Bd3 Re8 14. Bb1 b5 15.
Ne2 Rc8 16. Bxf6 Nxf6 17. Nf4 Bg4 18. f3 Bd7 19. Nd3 Bd6 20. Re1 Re7 21. Nc5
Qc7 22. Nf1 Rce8 23. Qc2 Bc8 24. Nd3 Bd7 25. Nc5 Bc8 1/2-1/2

[Event "Elit(Team Pelaro Alingsas-LASK)"]
[Site "?"]
[Date "2022.05.14"]
[Round "8"]
[White "Karle, Max"]
[Black "Storme, Isak"]
[Result "0-1"]
[WhiteElo "2062"]
[BlackElo "2350"]
[PlyCount "48"]

1. d4 Nf6 2. c4 e6 3. Nf3 c5 4. d5 d6 5. Nc3 exd5 6. cxd5 g6 7. Nd2 Nbd7 8. e4
Bg7 9. Be2 O-O 10. O-O Re8 11. a4 Ne5 12. Qc2 Bg4 13. f3 Bd7 14. f4 Neg4 15.
Nc4 Nxe4 16. Nxe4 Bd4+ 17. Nf2 Bf5 18. Qd1 Rxe2 19. Qxe2 Qh4 20. h3 Nxf2 21.
Be3 Nxh3+ 22. gxh3 Qg3+ 23. Qg2 Bxe3+ 24. Kh1 Be4 0-1

[Event "Elit(Vasteras-Eksjo)"]
[Site "?"]
[Date "2022.05.14"]
[Round "8"]
[White "Vernersson, Per"]
[Black "Sjodahl, Pontus"]
[Result "0-1"]
[WhiteElo "2253"]
[BlackElo "2410"]
[PlyCount "122"]
[SourceDate "2022.05.20"]

1. d4 Nf6 2. c4 e6 3. Nf3 d5 4. Nc3 Bb4 5. cxd5 exd5 6. Bg5 Qd6 7. Bxf6 Qxf6 8.
Qa4+ Nc6 9. e3 O-O 10. Qc2 Bf5 11. Bd3 Ne7 12. Bxf5 Nxf5 13. O-O c6 14. Na4
Rfe8 15. a3 Bf8 16. Nc5 Bxc5 17. Qxc5 Nd6 18. Rac1 Re6 19. Qc2 Rae8 20. Qd1 Qf5
21. Ne5 f6 22. Nd3 R6e7 23. b3 h5 24. Nc5 Kf7 25. Qf3 Qg4 26. Rfd1 g5 27. Nd3
Kg6 28. Ne1 Nf5 29. Rd3 Nh4 30. Qd1 Qxd1 31. Rdxd1 Nf5 32. Nd3 h4 33. h3 Nd6
34. a4 Kh5 35. Rc2 Kg6 36. Kh2 Kf5 37. Nc5 a5 38. Nd3 Ra8 39. Nc5 Kg6 40. Nd3
Ne4 41. Nc5 f5 42. Nd3 Kf6 43. Ne5 Rg7 44. f3 Nd6 45. Kg1 Re7 46. Kf2 Nf7 47.
Nd3 Nd8 48. Ne5 Ne6 49. Nd3 Rae8 50. Nc1 Ng7 51. Re2 f4 52. exf4 gxf4 53. Rxe7
Rxe7 54. Rd3 Nf5 55. Ne2 Kg5 56. Rd2 Re3 57. Rb2 Rd3 58. b4 Ne3 59. Rb1 axb4
60. Rxb4 Rd1 61. Nc3 Rd2+ 0-1

[Event "Elit(Rockaden, Stockholm-Wasa)"]
[Site "?"]
[Date "2022.05.14"]
[Round "8"]
[White "Cramling, Pia"]
[Black "Neiksans, Arturs"]
[Result "1/2-1/2"]
[WhiteElo "2452"]
[BlackElo "2574"]
[PlyCount "44"]

1. d4 d5 2. Nf3 e6 3. c4 a6 4. Bg5 Be7 5. Bxe7 Qxe7 6. Nbd2 Nf6 7. e3 O-O 8.
Rc1 Nbd7 9. cxd5 e5 10. dxe5 Nxe5 11. Be2 Nxd5 12. O-O Rd8 13. Nxe5 Qxe5 14.
Nf3 Qe7 15. Qc2 Bg4 16. Rfd1 c6 17. a3 Rd6 18. h3 Bh5 19. b4 Rad8 20. Qb3 Nf6
21. Rxd6 Rxd6 22. Rd1 Bxf3 1/2-1/2